| 000 | 00877 a2200217 4500 | ||
|---|---|---|---|
| 005 | 20260225104603.0 | ||
| 008 | 260205b |||||||| |||| 00| 0 eng d | ||
| 020 | _a9789326352901 (hbk) | ||
| 037 | _cTB | ||
| 040 |
_aCRL _cCRL |
||
| 041 |
_2hin _ahin |
||
| 084 |
_aV2y7M69:g 152Q5 _qCRL |
||
| 100 |
_aजोशी, दिनकर _9860668 |
||
| 245 | _aहिन्द स्वराज | ||
| 260 |
_bभारतीय ज्ञानपीठ, _c2015. _aनयी दिल्ली, भारत: |
||
| 300 | _a123पृ. | ||
| 650 |
_aइतिहास _91113759 |
||
| 700 |
_aठाकुर, नवनीत _91113760 |
||
| 942 |
_cTB _2CC _n0 _hV2y7M69:g 152Q5 |
||
| 999 |
_c1466691 _d1466691 |
||